Normal view
MARC view
- Guo, Qinghua
Entry Personal Name
001 - CONTROL NUMBER
- control field: 120332
003 - CONTROL NUMBER IDENTIFIER
- control field: NUST
005 - DATE AND TIME OF LATEST TRANSACTION
- control field: 20240213125232.0
008 - FIXED-LENGTH DATA ELEMENTS
- fixed length control field: 240213|| aca||aabn | a|a d
040 ## - CATALOGING SOURCE
- Original cataloging agency: NUST
- Transcribing agency: NUST
100 ## - HEADING--PERSONAL NAME
- Personal name: Guo, Qinghua
670 ## - SOURCE DATA FOUND
- Source citation: Work cat.: (NUST): Guo, Qinghua., A visual dictionary of Chinese architecture /, 2002.
